| 000 | 00710nam a2200229 a 4500 | ||
|---|---|---|---|
| 999 |
_c6059 _d6059 |
||
| 001 | 6059 | ||
| 003 | BD-JhCC | ||
| 005 | 20180101163637.0 | ||
| 008 | 180101s1997 bg |||| || | 000 0 ben d | ||
| 020 | _a9845561556 | ||
| 035 | _a(BD-JhCC)6059 | ||
| 040 |
_aBD-JhCC _dBD-JhCC |
||
| 041 | _aben | ||
| 082 |
_a323.4 _bHAS 1997 |
||
| 100 | _aহাসান, মাহবুব | ||
| 245 |
_aনজরুলের রাজৈনিতক চিন্তা-চেতনা / _cমাহবুব হাসান, |
||
| 260 |
_aঢাকা : _bনজরুল ইন্সটিটিউট, _c1997. |
||
| 300 |
_a120 p. : _c22 cm. |
||
| 650 |
_aPolitics _vKazi Nazrul |
||
| 942 |
_2ddc _cBK |
||